Método de acompañamiento comunitario: animadores
Saved in:
| Format: | Bog |
|---|---|
| Sprog: | spansk |
| Udgivet: |
Santiago
ISPAJ
1988
|
| Fag: | |
| Tags: |
Tilføj Tag
Ingen Tags, Vær først til at tagge denne postø!
|
MARC
| LEADER | 00000nam a2200000 a 4500 | ||
|---|---|---|---|
| 001 | UCW9911 | ||
| 003 | CL-VaPUC | ||
| 008 | 890706e19880000CL |||||||||||||||||spa|d | ||
| 082 | 0 | 4 | |a 259 |b MET |2 21 |
| 245 | 1 | 0 | |a Método de acompañamiento comunitario: animadores |
| 300 | |a 2 v | ||
| 942 | |c BK | ||
| 945 | |d 19890706 00:00:00 |a aalvarez | ||
| 260 | |a Santiago |b ISPAJ |c 1988 | ||
| 650 | 0 | |a Dinámica de grupos |9 259862 | |
| 650 | 7 | |a COMUNIDADES ECLESIASTICAS DE BASE |2 CL-VaPUC |9 315390 | |
| 583 | |a last modification |c 19890706 00:00:00 |k Rodrigo Vera | ||
| 999 | |c 221752 |d 221750 | ||
| 952 | |0 0 |1 0 |4 0 |6 259_000000000000000_MET_1988 |7 0 |8 A |9 215588 |a BIBTEO |b BIBTEO |d 2019-11-15 |h v.1 |i 2839725 |o 259 MET 1988 |p 2839725 |r 2025-01-17 |w 2019-11-15 |y BK |k ICR | ||
| 952 | |0 0 |1 0 |4 0 |6 259_000000000000000_MET_1988 |7 0 |8 A |9 215589 |a BIBTEO |b BIBTEO |d 2019-11-15 |h v.1 |i 3076113 |o 259 MET 1988 |p 3076113 |r 2025-01-17 |w 2019-11-15 |y BK |k ICR | ||
| 952 | |0 0 |1 0 |4 0 |6 259_000000000000000_MET_1988 |7 0 |8 A |9 215590 |a BIBTEO |b BIBTEO |d 2019-11-15 |h v.2 |i 3108732 |o 259 MET 1988 |p 3108732 |r 2025-01-17 |w 2019-11-15 |y BK |k ICR | ||